| 000 | | | 03855nac2a22002651x 450 |
| 001 | | | 1b15abbd-e255-4183-9e34-9dd1f5f444de |
| 005 | | | 20130831091953.0 |
| 100 | ## | $a | 20130731l1906 k y0rusy50 ca |
| 101 | 0# | $a | rus |
| 102 | ## | $a | RU |
| 105 | ## | $a | y z ||||| |
| 200 | 1# | $a | Свидетельство об избрании Никольского Б. В. почетным членом Корсунского отдела "Русской Московской монархической партии" и Киевского отдела "Союза русского народа" |
| | $j | 5 июля - 13 августа 1906 |
| 215 | ## | $a | 7 листов |
| 251 | ## | $c | Дело |
| 300 | ## | $a | Лист 2: диплом, художественно оформлен; лист 1: квитанция; листы 6, 7: другие печатные издания |
| 300 | ## | $a | Часть текста рукописная, часть - напечатана типографским способом |
| 330 | ## | $a | Ж. Смесь |
| 461 | #0 | $1 | 0011c5950b4-9b17-43ad-92f1-e565a07ae223 |
| | $1 | 2001 |
| | $a | Никольский Борис Владимирович, историк права, профессор Юрьевского и Петербургского университетов, один из руководителей главного совета "Русского собрания", поэт, критик |
| | $1 | 251 |
| | $c | Фонд |
| | $1 | 852 |
| | $j | 588 |
| 462 | #0 | $1 | 001855f2cb0-80f8-42f6-88fa-41bf4837b2b7 |
| | $1 | 2001 |
| | $a | Никольский Борис Владимирович. 1837-1919 гг. |
| | $1 | 251 |
| | $c | Опись |
| | $1 | 852 |
| | $j | 1 |
| 600 | #1 | $a | Никольский |
| | $b | Б. В. |
| | $g | Борис Владимирович |
| 601 | 02 | $a | Русская Московская монархическая партия. Корсунский отдел |
| 601 | 02 | $a | Союз русского народа. Киевский отдел |
| 801 | #0 | $a | RU |
| | $b | GA_RF |
| 801 | #1 | $a | RU |
| | $b | НПО Опыт |
| | $c | 20130731 |
| | $2 | rusmarc |
| 801 | #2 | $a | RU |
| | $b | ПБ им. Б.Н. Ельцина |
| | $c | 20130831 |
| | $g | RCR |
| | $2 | rusmarc |
| 852 | ## | $a | ГА РФ |
| | $j | 1509 |
| 937 | ## | $d | 31180678 |
| | $h | ПБ |
| 035 | ## | $a | RuPRLIB51010331 |